000 00815nam a22001575i 4500
001 171015
003 ES-MaACL
005 20230906214522.0
008 090422s1873 sp |||| | spa d
100 1 _aEstrañi, José.
_948247
245 1 3 _aLa botica de Mercurio
_b: inventario bufo-mitológico en un acto y en verso /
_coriginal de José Estrañi.
260 _aValladolid :
_b[s.n.],
_c1873 (
_fImp. de F. Santaren)
300 _a43 p. ;
_c18 cm.
500 _aEn port.: Estrenado la noche del 24 de diciembre de 1873 en el teatro Lope de Vega de Valladolid, por la Sociedad Artística que dirige el primer actor D. Manuel Méndez.
852 _aES-MaACL
_jF-8576(13)
_zEnc. pasta española
_q.- Falto de la cub. original
_z.- Enc. en un vol. facticio, formando parte de la col. "Teatro español moderno", vol. 29
999 _c171015
_d171015